Arts and activities

שמור ב:
מידע ביבליוגרפי
פורמט: ספר
שפה:Undetermined
יצא לאור: Skokie, Ill., etc. Publishers' Development Corp., etc. 2019
נושאים:
תגים: הוספת תג
אין תגיות, היה/י הראשונ/ה לתייג את הרשומה!
Thư viện lưu trữ: Trung tâm Học liệu Trường Đại học Cần Thơ
LEADER 00409nam a2200145Ia 4500
001 CTU_234224
008 210402s9999 xx 000 0 und d
082 |a 743 
082 |b A784 
245 0 |a Arts and activities 
260 |a Skokie, Ill., etc. 
260 |b Publishers' Development Corp., etc. 
260 |c 2019 
650 |a Education,Giáo dục 
980 |a Trung tâm Học liệu Trường Đại học Cần Thơ